सिनेमा : (Record no. 121528)

MARC details
000 -LEADER
fixed length control field 01033nam a22002537a 4500
005 - DATE AND TIME OF LATEST TRANSACTION
control field 20170124103216.0
010 ## - LIBRARY OF CONGRESS CONTROL NUMBER
LC control number B-236189
020 ## - INTERNATIONAL STANDARD BOOK NUMBER
Terms of availability 495.00
035 ## - SYSTEM CONTROL NUMBER
System control number B-236189
037 ## - SOURCE OF ACQUISITION
Source of stock number/acquisition Cen Lib/Ret
040 ## - CATALOGING SOURCE
Original cataloging agency DPL
Language of cataloging HN
082 ## - DEWEY DECIMAL CLASSIFICATION NUMBER
Classification number 791.437
Item number भारद्वा
100 ## - MAIN ENTRY--PERSONAL NAME
Personal name भारद्वाज, विनोद
9 (RLIN) 99136
245 ## - TITLE STATEMENT
Title सिनेमा :
Statement of responsibility, etc विनोद भारद्वाज
Remainder of title कल, आज, कल /
246 ## - VARYING FORM OF TITLE
Title proper/short title Cinema : kal, aaj , kal /
Remainder of title by Vinod Bhardvaj
260 ## - PUBLICATION, DISTRIBUTION, ETC. (IMPRINT)
Place of publication, distribution, etc नयी दिल्ली
Name of publisher, distributor, etc वाणी प्रकाशन
Date of publication, distribution, etc 2006
270 ## - ADDRESS
City नयी दिल्ली
Address 21-ए, दरियागंज
Postal code 110002
300 ## - PHYSICAL DESCRIPTION
Extent 515पृ.
Dimensions 19सेमी(सजिल्द )
650 ## - SUBJECT ADDED ENTRY--TOPICAL TERM
Topical term or geographic name as entry element सिनेमा -- यथार्थ
General subdivision
Geographic subdivision
9 (RLIN) 99137
650 ## - SUBJECT ADDED ENTRY--TOPICAL TERM
Topical term or geographic name as entry element सिनेमा -- इतिहास
9 (RLIN) 99138
650 ## - SUBJECT ADDED ENTRY--TOPICAL TERM
Topical term or geographic name as entry element Cinema - reality
9 (RLIN) 99139
650 ## - SUBJECT ADDED ENTRY--TOPICAL TERM
Topical term or geographic name as entry element Cinema - History
9 (RLIN) 99140
942 ## - ADDED ENTRY ELEMENTS (KOHA)
Source of classification or shelving scheme Dewey Decimal Classification
Koha item type Hindi Books
Classification part 791.437
Call number suffix भारद्वा
Holdings
Withdrawn status Lost status Damaged status Not for loan Home library Current library Date acquired Source of acquisition Cost, normal purchase price Total Checkouts Total Renewals Full call number Barcode Date last seen Date checked out Copy number Cost, replacement price Price effective from Koha item type
        Central Library Central Library 09/10/2015 Cen Lib/Ref 495.00 7 4 791.437 भारद्वा B-236189 21/04/2025 25/03/2025 1 495.00 09/10/2015 Hindi Books

© Delhi Public Library
Hit Counter
free hit counter